Избранная лирика

Xehetasun bibliografikoak
Egile nagusia: Аполлинер Г. Гийом
Beste egile batzuk: Великовский С. И. (автор предисловия составитель), Гинзбург Ю. А. (автор предисловия), Берштейн Г. М. (иллюстратор)
Gaia:Переводчики указаны в тексте
В суперобложке.
Hizkuntza:errusiera
Argitaratua: Москва, Книга, 1985
Gaiak:
Formatua: Liburua
KOHA link:https://koha.lib.tpu.ru/cgi-bin/koha/opac-detail.pl?biblionumber=234985

MARC

LEADER 00000nam0a2200000 4500
001 234985
005 20231101231350.0
010 |b 10000 экз. 
035 |a (RuTPU)RU\TPU\book\256114 
090 |a 234985 
100 |a 20130402d1985 m y0rusy50 ca 
101 1 |a rus  |c fre 
102 |a RU 
105 |a a z 001gy 
200 1 |a Избранная лирика  |f Г. Аполлинер  |g вступит. ст., сост. С. И. Великовского ; комментарии Ю. А. Гинзбург ; худож. Г. М. Берштейн 
210 |a Москва  |c Книга  |d 1985 
215 |a 397 с.  |c ил.  |d 13 см. 
300 |a Переводчики указаны в тексте 
300 |a В суперобложке. 
320 |a Комментарий: с. 376-397. 
606 |a Редкие книги  |2 stltpush  |3 (RuTPU)RU\TPU\subj\67540  |9 83297 
610 1 |a французская литература 
610 1 |a поэзия 
610 1 |a 20 век 
610 1 |a миниатюрные издания 
686 |a Ч611.68  |v LBC/SL-A  |2 rubbk 
700 0 |a Аполлинер  |b Г.  |c настоящие имя и фамилия Костровицкий Вильгельм Аполлинарий  |c французский поэт  |f 1880-1918  |g Гийом  |2 stltpush  |3 (RuTPU)RU\TPU\pers\7781  |9 1521 
702 1 |a Великовский  |b С. И.  |4 080  |4 220 
702 1 |a Гинзбург  |b Ю. А.  |4 080 
702 1 |a Берштейн  |b Г. М.  |4 440 
801 1 |a RU  |b 63413507  |c 20130402 
801 2 |a RU  |b 63413507  |c 20171219  |g RCR 
942 |c BK